00474nam a2200157 450000500170000001000130001703500130003003700130004308200080005610000210006424500700008526000450015527000610020030000330026150000220029420190501152602.0 aA-710350 aA-710350 bDBAD/PUB a909 aNehru,Jawaharlal aJawaharlal Nehru:bGlimses of World History/cby Jawaharlal Nehru aNew delhibOxford University Pressc1985 aYMCA library building,jai singh road,bNew Delhie110001 axxii,992p.bill.c21cms(hbk) aIt includes index